000 00889nam a2200325 a 4500
001 000114237
003 CHAP
005 20220329144432.0
008 171128s2002 ag |r| ||||d|spa d
010 _a110698
011 _a111670
020 _a9500302756
040 _cCHAP
082 0 4 _a842.91
_bC21 2002
100 1 _aCamus, Albert
_9134164
245 1 3 _aEl malentendido /
_cpor Albert Camus.
246 3 0 _aCalígula
250 _a13 ed.
260 _aBuenos Aires, Arg. :
_bLosada,
_c2002.
300 _a114 p.
490 _aBiblioteca clásica y contemporánea
534 _pLa malentendu-Caligula
590 _aBATCH-UPD
_b05
_c20171128
_lUCH01
_h1135
590 _aE5765TAJ
_b05
_c20171128
_lUCH01
_h1134
650 1 4 _aTeatro francés
_ySiglo XX.
_9134165
830 0 _aBiblioteca clásica y contemporánea
_9134166
901 _aBK
942 _cLIBRO
942 _n0
999 _c110698
_d110698